000 00695nam a2200205 a 4500
005 20240925064921.0
008 991125s1965 bue 000 0 spa u
035 _aUPN01000047230
049 _aCG
050 4 _aLB1051
_bR4.48
245 0 0 _aProcesos del aprendizaje infantil /
_cA.D. Calvin ... [et al.] ; tr. Gregorio Aráoz.
260 _aBuenos Aires :
_bPaidós,
_c1965.
300 _a79 p.
440 0 _aBiblioteca del educador contemporáneo ;
_v14
534 _pTraducción de:
_tReadings in educational psychology. XII The learning process
650 4 _aPsicología del aprendizaje
_95221
650 4 _aPsicopedagogía
_95085
700 1 _aCalvin, Allen D.,
_ecoaut.
905 _aLibro
999 _c47230
_d47230